000 00198nam a2200109Ia 4500
100 _aNAIPAUL/V.S.
942 _cBK
245 _aBEYOND BELIEF.
260 _b#N/A
546 _aENGLISH
999 _c33445
_d33445